| 000 | 00683cab a2200253 4500 | ||
|---|---|---|---|
| 001 | WB2725-28 | ||
| 008 | 090401t1991 xxu||||| |||| 00| 0 eng d | ||
| 035 | _a(Sirsi) u21070 | ||
| 041 | _aeng | ||
| 245 | _aPutting down roots in the Midlands | ||
| 260 | _c1991 | ||
| 350 | _a0 | ||
| 490 |
_aFinancial Times _v22/6/91 p5 |
||
| 520 | _aLooks at the plans to develop a new National Forest in the East Midlands and the problems which lay ahead. | ||
| 650 | _aCLA | ||
| 650 | _aCOMMUNITY FORESTS | ||
| 650 | _aCOUNTRYSIDE COMMISSION | ||
| 650 | _aFORESTRY | ||
| 650 |
_aLand use _96251 |
||
| 650 | _aTREE PLANTING | ||
| 690 | _aLAND | ||
| 942 | _n0 | ||
| 948 | _c04/03/1997 | ||
| 999 |
_c14138 _d14138 |
||